000 00443nam a2200193Ia 4500
005 20250423094746.0
008 250422s9999 xx 000 0 und d
020 _a9781292021614
050 _aBL 723 .P68/
100 _aPowell, Barry B.
245 0 _aClassical myth
250 _a7th ed.
260 _aBoston
260 _bPearson
260 _c2014
300 _a736 p
650 _aMythology, Classical--Textbooks.
942 _cBK
999 _c28205
_d28205